000 00433nam a22001697a 4500
005 20180321124921.0
008 160519b xxu||||| |||| 00| 0 eng d
020 _a981-240-612-3
041 _aeng
082 _b3262
_a338.5024658
100 _aSalvatore,Dominick
_94221
245 _aManagerial Economics:in a global economics
260 _bThomson South westem
_c2004
300 _a742
650 _aManagement
_9241
942 _cBK
999 _c1109
_d1109